The principles of sahaj marg / (Record no. 153884)

MARC details
000 -LEADER
fixed length control field 00609nam a22001937a 4500
005 - DATE AND TIME OF LATEST TRANSACTION
control field 20180712124050.0
010 ## - LCCN (DPL NO)
LC control number ENG-123454
020 ## - INTERNATIONAL STANDARD BOOK NUMBER
International Standard Book Number 9789381281345 vol. 15
Terms of availability 100.00
035 ## - SYSTEM CONTROL NUMBER
System control number EN-106986
037 ## - SOURCE OF ACQUISITION
Source of stock number/acquisition DBAD/PUB
082 ## - DEWEY DECIMAL CLASSIFICATION NUMBER
Classification number 230.51
100 ## - MAIN ENTRY--PERSONAL NAME
Personal name Rajagopalachari, Parthasarathi
245 ## - TITLE STATEMENT
Title The principles of sahaj marg /
Statement of responsibility, etc by Parthasarathi Rajagopalachari
250 ## - EDITION STATEMENT
Edition statement vol.15
260 ## - PUBLICATION, DISTRIBUTION, ETC. (IMPRINT)
Place of publication, distribution, etc Kolkata
Name of publisher, distributor, etc The Ramakrishna Mission Institute of Culture
Date of publication, distribution, etc 2012
270 ## - ADDRESS
Address Gol Park
City Kolkata
Postal code 700029
300 ## - PHYSICAL DESCRIPTION
Extent viii,148p.:
Dimensions 21cm(pbk)
Other physical details ill.
942 ## - ADDED ENTRY ELEMENTS (KOHA)
Source of classification or shelving scheme Dewey Decimal Classification
Item type English Books
Classification part 230.51
Call number suffix RAJ
Holdings
Withdrawn status Lost status Not for loan Collection code Home library Current library Date acquired Source of acquisition Cost, normal purchase price Full call number Barcode Copy number Cost, replacement price Koha item type
    Not For Loan Non-fiction D.B.Act.Division Central Library 12/07/2018 DBAD/PUB 100.00 230.51 RAJ EN-106986 1 100.00 English Books

© Delhi Public Library
Hit Counter
free hit counter